Statistics for 1-10 Letter K Words

Click here to take the quiz!

General Stats

  • This quiz has been taken 15 times
  • The average score is 7 of 10

Answer Stats

ClueAnswerLetters% Correct
The symbol for PotassiumK1
100%
A baby goatKid3
100%
A shelter for a dog or catKennel6
100%
The centre of a boat hullKeel4
86%
0.621371 milesKilometer9
79%
A bag strapped to the back for carrying personal belongingsKnapsack8
64%
When a soldier has a detail helping cooks in the mess hallKP2
57%
The instrument that turns voice into a buzzing soundKazoo5
57%
Protuberance of bones near a jointKnuckle7
57%
An Australian kingfisher known for its call that sounds like a laughKookaburra10
21%

Score Distribution

Percentile by Number Answered

Percent of People with Each Score

Your Score History

You have not taken this quiz